Catalog

Record Details

Catalog Search



Srovnání právní úpravy související s fenoménem komerčního sexuálního zneužívání dětí v ČR a SRN [rukopis] : bakalářská práce / Lucie Veverková ; vedoucí práce René Milfait ; oponent práce Miroslava Vokatá

Record details

  • Physical Description: [63] l.
  • Publisher: Praha : Univerzita Karlova v Praze, 2011

Content descriptions

General Note:
Datum obhajoby: 29-06-2011
Dissertation Note:
Bakalářská práce (Bc.)--Univerzita Karlova. Evangelická teologická fakulta, 2011
Study Program Information Note:
Pastorační a sociální práce
Sociální práce
Awards Note:
Výsledné hodnocení: Výborně
Subject: trestní právo
sexuálně zneužívané děti
Česko
Německo
Genre: bakalářské práce

Available copies

  • 1 of 1 copy available at Common Catalog SPOK.

Holds

  • 0 current holds with 1 total copy.
Show Only Available Copies
Location Call Number / Copy Notes Barcode Shelving Location Status Due Date
Jabok Library ABP-1760 424480026282 Absolventské práce Reference -

Electronic resources


LDR 01721ntm a22003617a 4500
00116269
003CZ-PrJAB
00520201008083527.0
008110818s2011 xr |||||r|||||||||||cze|d
035 . ‡a(CONS)16269
035 . ‡a(CZ PrCU)001377985
040 . ‡aABD162 ‡bcze ‡dABD027
1001 . ‡aVeverková, Lucie ‡4dis
24510. ‡aSrovnání právní úpravy související s fenoménem komerčního sexuálního zneužívání dětí v ČR a SRN ‡h[rukopis] : ‡bbakalářská práce / ‡cLucie Veverková ; vedoucí práce René Milfait ; oponent práce Miroslava Vokatá
24633. ‡aComparison of enactments related to Kid's Commercial Sexual Abuse phenomenon in Czech Republic and Federal Republic of Germany
260 . ‡aPraha : ‡bUniverzita Karlova v Praze, ‡c2011
300 . ‡a[63] l.
500 . ‡aDatum obhajoby: 29-06-2011
502 . ‡aBakalářská práce (Bc.)--Univerzita Karlova. Evangelická teologická fakulta, 2011
5268 . ‡aPastorační a sociální práce
52681. ‡aSociální práce
586 . ‡aVýsledné hodnocení: Výborně
65007. ‡atrestní právo ‡7ph116481 ‡2czenas
65007. ‡asexuálně zneužívané děti ‡7ph115772 ‡2czenas
651 7. ‡aČesko ‡7ge128065 ‡2czenas
651 7. ‡aNěmecko ‡7ge135889 ‡2czenas
655 7. ‡abakalářské práce ‡7fd132403 ‡2czenas
7001 . ‡aMilfait, René, ‡d1966- ‡7jx20080207028 ‡4ths
7001 . ‡aVokatá, Miroslava ‡4opn
7102 . ‡aUniverzita Karlova. ‡bEvangelická teologická fakulta ‡7kn20010710335
7102 . ‡aJabok - Vyšší odborná škola sociálně pedagogická a teologická ‡7kn20020502016
850 . ‡aETF
85641. ‡uhttps://is.cuni.cz/webapps/zzp/detail/108603/ ‡yZobrazení plného textu (Digitální archiv UK)
910 . ‡aABG312
901 . ‡a16269 ‡bCZ-PrJAB ‡c16269 ‡tbiblio

Additional Resources